Ingeniería de reactores nucleares / (Record no. 72569)

MARC details
000 -LEADER
campo de control de longitud fija 00561nam a2200169 i 4500
001 - NÚMERO DE CONTROL
campo de control 72569
003 - IDENTIFICADOR DE NÚMERO DE CONTROL
campo de control ES-MaACL
007 - CAMPO FIJO DE DESCRIPCIÓN FÍSICA--INFORMACIÓN GENERAL
campo de control de longitud fija t|
008 - DATOS DE LONGITUD FIJA--INFORMACIÓN GENERAL
campo de control de longitud fija 040901s1958 sp ||||1| spa d
100 1# - ENTRADA PRINCIPAL--NOMBRE DE PERSONA
Nombre de persona Glasstone, Samuel.
9 (RLIN) 57413
245 10 - MENCIÓN DEL TÍTULO
Título Ingeniería de reactores nucleares /
Mención de responsabilidad, etc. por Samuel Glasstone y Alexander Sesonske ; [traducido por M. Carreira].
260 ## - PUBLICACIÓN, DISTRIBUCIÓN, ETC.
Lugar de publicación, distribución, etc. Barcelona :
Nombre del editor, distribuidor, etc. Reverte,
Fecha de publicación, distribución, etc. 1958 (
Fabricante Hostench)
300 ## - DESCRIPCIÓN FÍSICA
Extensión XX, 908 p. :
Otras características físicas il. ;
Dimensiones 22 cm.
700 1# - ENTRADA AGREGADA--NOMBRE PERSONAL
Nombre de persona Sesonske, Alexander.
9 (RLIN) 105887
700 1# - ENTRADA AGREGADA--NOMBRE PERSONAL
Nombre de persona Carreira, M.
9 (RLIN) 35607
852 ## - LOCALIZACIÓN
Ubicación ES-MaACL
Número de control de estantería G-5583
Sublocalización o colección R.65071
Holdings
Estatus retirado Estado de pérdida Estado de daño No para préstamo Biblioteca de origen Biblioteca actual Ubicación en estantería Fecha de adquisición Fuente de adquisición Total de préstamos Signatura topográfica completa Código de barras Visto por última vez Precio de reemplazo Tipo de ítem Koha
        Biblioteca del Ateneo de Madrid Biblioteca del Ateneo de Madrid Depósito 2 17/01/2008     G-5583 1075970 23/02/2023 23/02/2023 Libro impreso